Propuesta de mejora del sistema eléctrico y de control para la estación de bombeo de agua ubicada en Compañía Cervecera de Nicaragua S.A.
La propuesta de mejora del sistema eléctrico y de control para la estación de bombeo de agua ubicada en Compañía Cervecera de Nicaragua S.A, tiene como objetivo desarrollar e implementar un sistema de bombeo innovador que brinde una solución eficiente, confiable y sostenible para el suministro...
| Main Authors: | , |
|---|---|
| Other Authors: | |
| Format: | Tesis Section = Libro |
| Language: | Undetermined Spanish |
| Published: |
Managua
UNI
2023
|
| Subjects: |
| LEADER | 01300nam a2200265Ia 4500 | ||
|---|---|---|---|
| 008 | 240830s9999 xx 000 0 und d | ||
| 040 | |a BIBLIOTECA-RUSB/ Mon 621.31 R288 | ||
| 041 | |a spa | ||
| 082 | |a Mon 621.31 R288 | ||
| 100 | 1 | |a Real Avelares, Jairo José | |
| 100 | 1 | |b Mercado Torrez, Roberto Carlos | |
| 245 | 1 | 0 | |a Propuesta de mejora del sistema eléctrico y de control para la estación de bombeo de agua ubicada en Compañía Cervecera de Nicaragua S.A. |
| 260 | |a Managua |b UNI |c 2023 | ||
| 300 | |a 89 p.: il. | ||
| 500 | |a Contiene: anexos y CD. | ||
| 502 | |a Tesis (Eléctrico) - UNI, 2023. | ||
| 520 | 3 | |a La propuesta de mejora del sistema eléctrico y de control para la estación de bombeo de agua ubicada en Compañía Cervecera de Nicaragua S.A, tiene como objetivo desarrollar e implementar un sistema de bombeo innovador que brinde una solución eficiente, confiable y sostenible para el suministro de agua. El sistema se enfocará en optimizar el consumo de energía y reducir los costos operativos. | |
| 650 | 7 | |a DIAGNOSTICO ENERGÉTICO | |
| 650 | 7 | |b SISTEMA ELÉCTRICO | |
| 650 | 7 | |c EVALUACIÓN ENERGÉTICA | |
| 650 | 7 | |d EFICIENCIA ENERGÉTICA | |
| 700 | 1 | |a Tutor: |b Chavarría Condega, Sandro Yohasner | |
| 942 | |c BK |2 ddc | ||
| 991 | |a TESIS | ||
| 999 | |c 27799 | ||